[Event "Helsingor Jubilee"]
[Site "Helsingor"]
[Date "1999.10.24"]
[Round "5"]
[White "Andersson, Ulf"]
[Black "Hansen, Curt"]
[Result "1/2-1/2"]
[WhiteElo "2623"]
[BlackElo "2607"]
[Annotator "Ribli,Z"]
[PlyCount "58"]
[EventDate "1999.10.19"]
[EventType "tourn"]
[EventRounds "6"]
[EventCountry "DEN"]
[EventCategory "13"]
[SourceTitle "CBM 074"]
[Source "ChessBase"]
[SourceDate "2000.02.01"]
[SourceVersion "1"]
[SourceVersionDate "2000.02.01"]
[SourceQuality "1"]

{[%mdl 260]} 1. Nf3 c5 2. c4 Nc6 3. Nc3 Nf6 4. g3 d5 {Mit diesem Zug möchte
Schwarz eine sogenannte Maroczy-Stellung (mit c5-e5 Bauern) erreichen.} 5. cxd5
(5. d4 {Dieser Zug ist sehr populär heutzutage in Grossmeisterturnieren.}) 5...
Nxd5 6. Nxd5 {Eine seltene Fortsetzung - 6.Bg2 ist die Hauptalternative.} Qxd5
{Die schwarze Dame steht nach dem Springertausch etwas exponiert, aber der c3N
fehlt; so bekommt Schwarz nach g6 und Bg7 genügend Gegenspiel.} 7. Bg2 g6 8.
O-O Bg7 9. d3 O-O 10. Be3 {Weiss opfert den b2P, aber die (sofortige) Annahme
des Opfers wäre sehr riskant für Schwarz.} (10. a3 Qd6 11. Rb1 c4 $1 12. Bf4 e5
13. Be3 cxd3 14. Ne1 Bf5 $10) 10... Bd7 (10... Bxb2 11. Rb1 Bf6 12. Qa4 $44 (
12. Nd4 Qxa2 13. Nxc6 bxc6 14. Rc1 $44)) 11. Nd4 (11. Ng5) (11. Qd2) (11. Qc1)
11... Qd6 12. Nxc6 (12. Nb5 Qe5 13. Rb1 Rac8 $11) 12... Bxc6 13. Bxc6 Qxc6 {
[%csl Gg7] Nach den Vereinfachungen hat Schwarz den starken Läufer auf g7,
aber Weiss kann den c5P angreifen.} 14. Rc1 {[%csl Rc5]} Qe6 {[%cal Gg7b2,
Ge6a2]} (14... b6 $2 15. b4 $16) 15. Rxc5 (15. Bxc5 b6 16. Ba3 Qxa2 17. Qd2
Rfc8 $10 {Geller,E-Suba,M/Sochi/1977/}) 15... Qxa2 16. Rb5 Qa6 $5 {Die
Alternative wird häufiger gespielt, aber der Textzug ist auch gut.} (16... b6
17. Qa1 Qe6 (17... Qxa1 $2 18. Rxa1 Rfb8 19. Ra6 Kf8 20. Rb4 Be5 21. Rba4 b5
22. Ra2 {1-0 Karpov,A-Ribli,Z/Amsterdam 1980/MCL (35)}) 18. Qa4 Qd7 19. Ra1
Rfc8 20. Ra2 h5 21. Rb4 Qb7 22. b3 Qd5 23. Qb5 Qxb5 24. Rxb5 Bc3 25. Rd5 $1 e6
26. Rd7 {1-0 Ehlvest,J-Polugaevsky,L/Haninge 1990/CBM 18/[Ribli] (73)}) (16...
a6 $5 17. Rxb7 Rab8 18. Rxe7 Rxb2 19. Re4 Rc2 $44 {Ehlvest,J-Hellers,F Haninge
1990 CBM/18}) 17. Qb3 {[%csl Rb7][%cal Rb3b7] Weiss hat spürbaren
positionellen Druck auf der b-Linie.} b6 18. Rb4 {[%cal Gb4a4,Ga4a8]} Rfc8 (
18... Rfb8 19. Rc4 b5 20. Rc7 e6 21. Rfc1 h5 22. Qb4 Qa4 23. Qe7 Rf8 24. b4 a5
25. bxa5 Qxa5 26. Rb7 {1/2-1/2 Andersson,U-Timman,J/Ubeda 1997/CBM 58/[Ribli] 
(40)}) (18... Qb7 19. Ra1 Rfb8 20. Rba4 a6 21. Qa2 (21. Qa3 b5 22. Ra5 Rc8 23.
Ra2 Rc6 {0-1 Sorensen,T-Schmidt,W/Copenhagen 1990/EXT 97 (37)}) 21... a5 22.
Rc1 Be5 23. Re4 {1/2-1/2 Ribli,Z-Timman,J/Tilburg 1980/MCD (23)}) 19. Ra4 Qb7
20. Rfa1 {[%cal Ga1a8] Weiss hat (noch) keine Drohungen am Damenflügel, aber
Schwarz muss vorsichtig sein - Weiss droht die schwarzen Bauern am Damenflügel
zu blockieren und seine Mehrheit im Zentrum mobilisieren.} h5 {Mit diesem Zug
befreit Schwarz befreit seine Grundreihe und droht später mit eventuellem
h5-h4.} 21. h4 e6 (21... Rc6 22. Ra6 Qd7 $1 23. Kg2 Re6 24. R1a2 Bd4 25. Bxd4
Qxd4 26. e3 Qd7 27. Qa3 Rd8 $1 28. Rxa7 {1/2-1/2 Ehlvest,J-Polugaevsky,L/
Reggio Emilia 1991/CBM 22/[Ribli] (28)}) 22. Ra6 {[%csl Ga1,Ga6] Droht Qa2 und
wegen der Fesselung auf der a-Linie - Bxb6.} Rc6 23. Qa2 {[%csl Ra7][%cal
Ra1a7] Weiss greift den a7P an, aber lässt den schwarzen Turm eindringen.} (23.
Kf1 $4 Rc1+ $19 {[%cal Rb7h1,Rh1f1]}) 23... Rc2 $132 {[%csl Rb2,Gc2,Re2][%cal
Rc2b2,Rc2e2]} 24. Rxb6 (24. Rxa7 $6 Rxa7 25. Qxa7 Qxa7 26. Rxa7 Rxb2 $15 {
[%cal Gb6b5,Gb5b4]} (26... Rxe2 $11)) 24... Qc8 25. Kf1 a5 $44 {[%csl Gc2,Gg7]
[%cal Gc8c1,Gc2a2,Gc2e2] Schwarz hat aktives Spiel für den Bauern und sein g7B
ist besonders stark - es droht einfach 26...a4, 27...a3.} 26. d4 a4 27. Qa3 (
27. Qb1 Qc4 28. Qd1 Rc8 $44) 27... Qd8 $11 {[%cal Rd8b6,Rd8d4,Rg7d4] Nach
diesem Zug kann Weiss seinen Materialvorteil nicht halten - es hängt b6 und
gleichzeitig d4.} (27... Qc4 $44 {[%cal Rc4e2,Rc2e2]}) 28. Rb5 (28. Rb4 $6 Bf8
$15 {[%cal Rf8a3]}) 28... Bxd4 29. Bxd4 (29. Rd1 $2 Qd7 30. Qd3 Qc6 $19 {
[%csl Rf1][%cal Rc6h1,Rh1f1]}) 29... Qxd4 {Die Stellung ist materiell gleich -
Schwarz hat theoretisch eine etwas aktivere Stellung, aber man kann das nie
verwerten, da alles verteidigt ist in der weissen Stellung, so also Remis
gegeben.} 1/2-1/2

[Event "North Sea Cup 16th"]
[Site "Esbjerg"]
[Date "2001.07.06"]
[Round "1"]
[White "Hansen, Curt"]
[Black "Sutovsky, Emil"]
[Result "1/2-1/2"]
[WhiteElo "2626"]
[BlackElo "2651"]
[Annotator "Ribli,Z"]
[PlyCount "82"]
[EventDate "2001.07.06"]
[EventType "tourn"]
[EventRounds "9"]
[EventCountry "DEN"]
[EventCategory "14"]
[SourceTitle "CBM 085"]
[Source "ChessBase"]
[SourceDate "2001.11.13"]
[SourceVersion "1"]
[SourceVersionDate "2001.11.13"]
[SourceQuality "1"]

1. Nf3 Nf6 2. c4 g6 3. Nc3 d5 {Nach 3...Bg7 muss Schwarz mit 4.e4 rechnen,
wonach er - im Gegensatz zur Partie - nicht d7-d5 ziehen kann.} 4. cxd5 (4.
Qa4+) 4... Nxd5 5. g3 (5. Qa4+) (5. Qb3) 5... Bg7 6. Bg2 c5 (6... O-O 7. O-O
Nc6 8. d4) 7. O-O O-O 8. Nxd5 (8. d4 cxd4 9. Nxd4 Nxc3 10. bxc3 $11 {Durch
Zugumstellung haben wir eine bekannte Stellung der Grünfeld-Indischen
Verteidigung erreicht.}) 8... Qxd5 9. d3 Nc6 10. Be3 Bd7 {Das ist eine solide
Fortsetzung - Schwarz verzichtet auf die Eroberung des Pb2 und beendet statt
dessen seine Entwicklung.} (10... Bxb2 11. Rb1 Bf6 12. Qa4 $44) (10... Qd6) 11.
Nd4 {Dieser Zug führt zu Vereinfachungen, aber Weiß hat hier nichts besseres.}
(11. d4 cxd4 12. Nxd4 Qc4 13. Nxc6 Bxc6 14. Bxc6 bxc6 (14... Qxc6 $11) 15. b3
Qa6 16. Rc1 Qxa2 17. Rxc6 $11) (11. Qd2 Qd6 12. Bh6 $11) 11... Qd6 12. Nxc6 (
12. Nb5 Qe5 13. Rb1 Rac8 $11) 12... Bxc6 13. Bxc6 Qxc6 14. Rc1 {[%cal Gc1c6]}
Qe6 (14... b6 $2 15. b4 $16) 15. Rxc5 Qxa2 16. Rb5 b6 {Das ist die natürliche
Fortsetzung, aber auch die Alternative 16...Qa6 ist spielbar. Ich möchte
anmerken, dass der schwedische GM in einer früheren Partie (Andersson,U -
Hansen,C Helsingor 1999) - mit Schwarz - 16...Qa6 spielte.} (16... Qa6 $5 17.
Qb3 b6 18. Rb4 Rfc8 (18... Rfb8 19. Rc4 b5 20. Rc7 e6 21. Rfc1 h5 22. Qb4 Qa4
23. Qe7 Rf8 24. b4 a5 25. bxa5 Qxa5 26. Rb7 {1/2-1/2 Andersson,U-Timman,J/
Ubeda 1997/CBM 58/[Ribli] (40)}) 19. Ra4 Qb7 20. Rfa1 h5 21. h4 e6 (21... Rc6
22. Ra6 Qd7 $1 23. Kg2 Re6 24. R1a2 Bd4 25. Bxd4 Qxd4 26. e3 Qd7 27. Qa3 Rd8 $1
28. Rxa7 {1/2-1/2 Ehlvest,J-Polugaevsky,L/Reggio Emilia 1991/CBM 22/[Ribli] 
(28)}) 22. Ra6 Rc6 23. Qa2 Rc2 {1/2-1/2 Andersson,U-Hansen,C/Helsingor 1999/
CBM 74/[Ribli] (29)}) 17. Qa1 Qe6 {Schwarz muss die Damen auf dem Brett halten,
sonst gelangt er in ein schlechtes Endspiel.} (17... Qxa1 $2 18. Rxa1 Rfb8 19.
Ra6 Kf8 20. Rb4 Be5 21. Rba4 $14 {1-0 Karpov,A-Ribli,Z/Amsterdam 1980/MCL (35)
Weiß übt spürbar positionellen Druck am Damenflügel aus, Schwarz ist ohne
Gegenspiel.}) 18. Qa4 (18. Qa6 Qd7 19. Ra1 Rac8 (19... h5 20. Rb4 Rfc8 21. Qa4
Qb7 (21... Qxa4 22. Rbxa4 Rc2 $11) 22. h4 Be5 23. Qb3 Rc6 24. d4 Bf6 25. Bf4 {
1-0 Ivanov,I-Timman,J/Luzern 1982/EXT 97-B (41)}) 20. Rb4 Rc7 21. Qa2 Rb8 22.
Rc4 {1/2-1/2 Toledo,J-Braga,C/BRA 1991/EXT 97 (22)}) 18... Rfc8 (18... Qd7 19.
Ra1 Rfc8 20. Ra2 h5 21. Rb4 Qb7 22. b3 Qd5 23. Qb5 Qxb5 24. Rxb5 Bc3 25. Rd5 $1
e6 26. Rd7 a5 27. Rb7 {1-0 Ehlvest,J-Polugaevsky,L/Haninge 1990/CBM 18/[Ribli]
(73)}) 19. Rb4 (19. Ra1 h5 20. Qe4 Qxe4 21. dxe4 Rc2 22. Rxb6 Rxe2 23. Kf1 Rxb2
24. Rxb2 Bxb2 25. Rxa7 Rxa7 26. Bxa7 {1/2-1/2 Ivanov,I-Benjamin,J/St Martin
1992/TD (26)}) 19... Qd5 {Schwarz hat keine Eröffnungsprobleme - sein Bg7
steht aktiv, und er kontrolliert die c-Linie. Auf der anderen Seite kann Weiß
etwas Druck am Damenflügel entwickeln.} (19... h5 20. b3 Rc2 21. Re4 (21. Rxb6
axb6 22. Qxa8+ Kh7 $11) 21... Qd5 22. Rxe7 b5 23. Qe4 Qxe4 24. dxe4 a5 25. Rb7
a4 26. Rxb5 a3 27. e5 f6 {0-1 Kochyev,A-Hansen,C/Moscow 1989/TD (42)}) 20. Ra1
Qh5 $11 {[%cal Rh5e2]} 21. Qd1 Qd5 {Ein indirektes Remisangebot - Schwarz
bietet Zugwiederholung an.} 22. Raa4 (22. Qa4 $11) 22... b5 $5 {[%mdl 512]
Schwarz opfert einen Bauern für Initiative.} (22... Rc7 $11) 23. Rxa7 Rxa7 24.
Bxa7 Bh6 25. Be3 (25. e3 e5 26. Rb3 $13 (26. e4 $2 Qd6 27. Qb3 Rc1+ 28. Kg2 Ra1
{[%csl Ra7]} 29. Be3 Bxe3 30. fxe3 Qf6 $19 {[%csl Rg2][%cal Rf6f1]})) 25...
Bxe3 26. fxe3 Rc5 $44 {[%cal Gd5c6,Gc6c1,Gc1g1] Schwarz hat einen Bauern
weniger, aber seine Stellung ist gesund. Die weiße Königsstellung ist
geschwächt, und der Rb4 steht etwas unglücklich.} 27. Qf1 {[%cal Gf1f3] Weiß
bereitet 28.Qf3 vor.} (27. Qd2 Qc6 28. e4 Rc2 $44) 27... Qc6 {[%csl Gc5,Gc6]
[%cal Rc6c1,Rc1g1]} 28. Qf3 Rc1+ 29. Kg2 (29. Kf2 $5) 29... Qc2 30. Rf4 (30.
Rxb5 Re1 31. Kf2 Qd1 32. Rb8+ Kg7 $19) 30... Re1 (30... Qd1 31. Qa8+ Kg7 32.
Qe8 Qh1+ 33. Kh3 Qd5 34. Qxe7 $16) 31. Kf2 Qd1 {[%cal Re1f1,Rf1f4]} 32. Qa8+
Kg7 {[#]} 33. Rxf7+ $8 {[%mdl 256] Dieses Turmopfer führt zu ewigem Schach.
Weiß hat blieb nichts anderes - sein König befindet sich in großer Not.} Kxf7 (
33... Kh6 $4 34. Qf8+ $18) 34. Qd5+ Kf6 (34... e6 35. Qd7+ Kf6 36. Qd8+ $11)
35. Qd4+ Kf7 (35... Ke6 36. Qe4+ $11) 36. Qd5+ Kf6 37. Qd4+ e5 38. Qd6+ Kf7 (
38... Kg7 39. Qe7+ $11 (39. Qxe5+ $11)) 39. Qd7+ Kf6 40. Qd6+ (40. Qd8+ $11)
40... Kf7 41. Qd7+ Kf6 1/2-1/2

[Event "Elgoibar 10th"]
[Site "Elgoibar"]
[Date "2000.??.??"]
[Round "9"]
[White "Ivanisevic, Ivan"]
[Black "Del Rio de Angelis, Salvador Gabriel"]
[Result "0-1"]
[WhiteElo "2530"]
[BlackElo "2467"]
[Annotator "Ribli,Z"]
[PlyCount "96"]
[EventDate "2000.11.28"]
[EventType "tourn"]
[EventRounds "9"]
[EventCountry "ESP"]
[EventCategory "11"]
[SourceTitle "CBM 081"]
[Source "ChessBase"]
[SourceDate "2001.03.20"]
[SourceVersion "1"]
[SourceVersionDate "2001.03.20"]
[SourceQuality "1"]

1. Nf3 Nf6 2. c4 c5 3. Nc3 d5 {Meiner Ansicht nach ist diese Fortsetzung
besser als ihr Ruf.} 4. cxd5 Nxd5 5. g3 (5. e4 Nb4 (5... Nxc3 6. bxc3 g6)) 5...
g6 (5... Nc6 6. Bg2 Nc7) 6. Bg2 Nc6 7. O-O Bg7 8. Nxd5 (8. d3) 8... Qxd5 9. d3
O-O 10. Be3 {Weiß opfert seinen Pb2 und strebt schnelle Figurenentwicklung an.}
Bxb2 {Das Schlagen des Bauern ist sehr riskant, denn danach bekommt Weiß
starke Aktivität.} (10... Bd7 $5 {Das ist eine solidere Fortsetzung - Schwarz
hat hier ausgezeichnete Ausgleichschancen.}) 11. Rb1 Bg7 (11... Bf6 12. Qa4 Qd6
(12... Qd7) 13. Rfc1 Nd4 (13... b6 14. d4 $1 $16) 14. Nxd4 cxd4 15. Bh6 Rd8 (
15... Bg7 16. Bxg7 Kxg7 17. Bxb7 Bxb7 18. Rxb7 {[%csl Ra7,Rd4,Re7]}) 16. Bxb7
Bxb7 17. Rxb7 $14) 12. Qa4 $5 (12. Nd4 $6 Qxa2 13. Nxc6 bxc6 14. Bxc6 (14. Bxc5
Bg4 15. f3 Be6 16. d4 Rfb8 17. Ra1 Qb2 18. e3 Qc3 19. Qc1 Rb3 20. Qxc3 Rxc3 21.
Ra3 Rxa3 22. Bxa3 Bd5 23. f4 f5 24. Bxd5+ cxd5 25. Bxe7 a5 26. Ra1 a4 27. Kf2
Bf8 {0-1 Moskow,E-London,D/New York 1993/EXT 97 (34)}) 14... Bh3 15. Bxa8 Rxa8
16. Re1 Bc3 17. Rc1 Bxe1 18. Qxe1 a5 $1 $15 {0-1 Sherbakov,R-Dvoirys,S/Moscow
1999/CBM 75/[Ribli] (31)}) 12... Qh5 (12... Nb4 13. Ng5 Bd7 14. Bxd5 Bxa4 15.
Bxb7 Rab8 16. Bxc5 Nxa2 17. Bf3 Nc3 18. Rxb8 Rxb8 19. Bxa7 Rc8 20. Ne4 {
1-0 Astrom,R-Akesson,J/Ronneby 1998/EXT 99 (83)}) (12... Qd6 13. Nd2 Nd4 14.
Bxd4 Qxd4 15. Qxd4 cxd4 16. Bxb7 Rb8 17. Bxc8 Rfxc8 18. Nc4 f5 19. f4 {1-0
Vadasz,L-Medvegy,Z/Balaton 1996/EXT 99 (62)}) (12... Qd7 13. Bxc5 b6 14. Bxb6
Nd4) 13. Rfc1 $6 {[%mdl 2048] Diese natürlich wirkende Fortsetzung ist nicht
die beste Möglichkeit für Weiß. Im Hinblick auf die Stellung der schwarzen
Dame wäre es besser, den Pc5 nicht vertikal sondern horizontal anzugreifen.} (
13. Rb5 $1 e5 (13... b6 14. Ng5 (14. Rxb6 Nb4 $13 (14... axb6 15. Qxa8 Nb4 $13)
) 14... Nd4 (14... Bd7 15. Bf3 Qh6 16. Ne6 $16) 15. Bxd4 (15. Bxa8 Bd7) 15...
Bxd4 16. Bxa8 Bd7 (16... Qxg5 17. Qxa7 $16) 17. Nf3 Bxb5 (17... Rxa8 18. Nxd4 {
[%cal Gb5h5]} Qg4 19. Qa3 Qxd4 (19... cxd4 20. Re5 $16) 20. Rxb6 $18) 18. Qxa7
$16) 14. Bxc5 Re8 15. Be3 Re7 16. Rfb1 a6 17. h4 h6 18. Nd2 Rb8 19. Rc5 Nd8 20.
Bf3 Qf5 21. Qc2 Bd7 22. Ne4 $36 {1-0 Andersson,U-Browne,W/Mar del Plata 1981/
MCD (29)}) 13... Nd4 14. Nxd4 cxd4 15. Bf3 $6 {Dieser Zug gefällt mir nicht.
Das Schlagen des Pd4 war vorzuziehen.} (15. Bxd4 Bxd4 16. Qxd4 Qxe2 $11 {
Weiß kann das Material natürlich zurückgewinnen, aber nach weiteren
Vereinfachungen bleibt die Stellung ausgeglichen.}) 15... Bg4 16. Bxd4 $6 (16.
Bxg4 Qxg4 17. Rxb7 {[%cal Ga4g4]} Qxe2 18. Bxd4 Bxd4 19. Qxd4 Qxa2 20. Rxe7 $11
) 16... Bxd4 17. Qxd4 Bxf3 18. exf3 Qxf3 $15 {Schwarz hat einen Bauern mehr
und keine Schwächen in seiner Stellung. Andererseits fällt die Realisierung
des Materialvorteils schwer. Die weißen Schwerfiguren sind sehr aktiv.} 19. Qe4
(19. Rc7 b6 20. Rxe7 Rfd8 $15) 19... Qxe4 20. dxe4 b6 21. Rc7 {[%csl Gc7] Das
Eindringen des Turms auf der 7. Reihe ist immer gefährlich.} Rfe8 22. Rd1 Kf8
23. Rdd7 {[%csl Gc7,Gd7]} a5 {In der schwarzen Stellung ist alles verteidigt.
Es droht jetzt der Abtausch eines Turmpaares.} 24. Rb7 Rad8 25. Kg2 (25. Rdc7
Rd2 26. Rxb6 Rxa2 27. Ra6 Rb8 28. Raa7 Rb1+ 29. Kg2 Rbb2 $19) 25... Rxd7 26.
Rxd7 Rc8 $1 (26... Rb8 27. a4 $15) 27. Rb7 Rc2 {Das ist ein weiteres Beispiel
zum Thema "Aktivität ist der wichtigste Faktor in Turmendspielen".} (27... Rc6
28. h4 $15) 28. Rxb6 {[%mdl 4096]} h5 29. Ra6 (29. h4 $1 $15 {Weiß unterbindet
Raumgewinn seines Gegners am Königsflügel.}) 29... Rxa2 30. Ra7 (30. h4 $1 $15)
30... g5 $1 {Es ist schon 20 Jahre her, als ich eine ähnliche Stellung gegen
Kortschnoj auf dem Brett hatte (Ribli,Z. - Kortschnoj,V Baden-Baden 1981).
Dort war die Stellung: W: Kf3,Ra7, Pe3,Pf2,Pg3,Ph3 S: Kf6,Ra1,Pa4,Pe6,Pf7,Pg5,
Ph5. Dort konnte ich relativ einfach Remis erreichen. Meine Verteidigungsidee
war g3-g4, und nach h5-h4 hielt ich den Turm auf der a-Linie, um in einem
günstigen Moment f2-f4 zu spielen.} 31. Rc7 {[%cal Rc7c5,Rc5h5]} (31. h3 g4 $1)
31... e5 32. h3 g4 $1 $17 {Der Pg4 ist sehr unangenehm für Weiß - Schwarz hat
nicht nur einen Bauern mehr, zudem ist sein Gegner paralysiert.} 33. hxg4 (33.
h4 $17) 33... hxg4 34. Ra7 {Weiß hat nichts besseres - er muss mit seinem Turm
hinter dem schwarzen a-Bauern bleiben.} Ra1 35. Kh2 a4 36. Ra5 f6 37. Kg2 (37.
Ra7 a3 38. Kg2 Ke8 $17 {Es droht das Königsmanöver Kd8-c8-b8, das den weißen
Turm zum Rückzug zwingt. Darauf folgt dann die zweite Phase der Aktivierung
des schwarzen Königs: Kb8-b7-b6 usw. - das Eindrignen am Damenflügel.}) 37...
a3 {Das ist wieder ein typisches Motiv - der Pa3 ist sehr stark, aber Schwarz
will noch gar nicht a3-a2 spielen, erst dann, wenn es zu sofortigem Gewinn
führt. Das Feld a2 ist nämlich ein potentielles Schlupfloch für den schwarzen
König.} 38. Ra8+ Ke7 39. Ra7+ (39. Ra6 Kd7 $17 {[%cal Gd7c7,Gc7b7]}) 39... Kd6
40. Ra6+ (40. Ra4 Kc5 41. Kh2 Kb5 42. Ra7 Kc4 $19) 40... Kc5 $19 {Schwarz gibt
den Pf6 auf. Das Eindringen des Königs am Damenflügel muss die Partie
entscheiden.} 41. Rxf6 Re1 {[%cal Re1e4]} 42. Ra6 Kb4 43. Rb6+ Ka5 (43... Kc3
44. Ra6 Kb2 45. Rb6+ Ka1 $19) 44. Rb8 Rxe4 45. Kf1 Ra4 {[%cal Ra3a2,Ra2a1]} 46.
Ra8+ (46. Rb1 a2 47. Ra1 Kb4 $19) 46... Kb4 47. Rb8+ Kc3 48. Rc8+ Kb3 (48...
Kb3 49. Rc1 (49. Rb8+ Rb4 $19) 49... a2 $19) 0-1

[Event "Cancan Veterans-Women"]
[Site "Roquebrune"]
[Date "1998.09.16"]
[Round "9"]
[White "Taimanov, Mark E"]
[Black "Ioseliani, Nana"]
[Result "1-0"]
[WhiteElo "2455"]
[BlackElo "2495"]
[Annotator "Ribli,Z"]
[PlyCount "97"]
[EventDate "1998.09.07"]
[EventType "schev"]
[EventRounds "12"]
[EventCountry "FRA"]
[SourceTitle "CBM 067"]
[Source "ChessBase"]
[SourceDate "1998.11.30"]
[SourceVersion "2"]
[SourceVersionDate "1998.11.01"]
[SourceQuality "1"]

{[%mdl 32]} 1. c4 Nf6 2. g3 c5 3. Bg2 Nc6 (3... d5 4. cxd5 Nxd5 5. Nc3) 4. Nf3
e5 $6 {Dieser Zug gefällt mir nicht. Schwarz hat zwar starke Kontrolle über
das Feld d4, aber mit dem Springer auf f6 ist diese Variante nicht so gut.
Nach 1.c4 c5 2.Nc3 Nc6 3.g3 g6 4.Bg2 Bg7 5.Nf3 ist e5 viel stärker, denn
Schwarz kann noch ...Nge7 spielen. Ribli.} (4... d5 5. cxd5 Nxd5 6. d4 cxd4 7.
Nxd4 Ndb4 $11) 5. Nc3 g6 (5... d5 $2 {Das ist ein bekannter Fehler.} 6. cxd5
Nxd5 7. Nxe5 $1 $16) 6. a3 (6. O-O Bg7 7. d3 d6 8. a3 O-O 9. Rb1 Rb8 10. Bg5 h6
11. Bxf6 Qxf6 12. b4 b6 13. Nd2 Bd7 14. Qa4 Rfc8 15. Bxc6 Bxc6 16. b5 Ba8 17.
Qxa7 Qe6 18. e4 f5 19. Nd5 $16 {1-0 Vasulin,A-Fradkin,B/Kurgan 1993 (33)}) 6...
d6 7. Rb1 a5 (7... Bg7 8. b4 $14) 8. O-O Bg7 9. d3 O-O 10. Bd2 $14 {[%csl Yb5,
Yd5] Weiß hat wegen der schwachen Felder b5 und d5 leichten Vorteil, während
Schwarz kein Gegenspiel mit ...f7-f5 organisieren kann.} h6 11. Ne1 {[%cal
Ge1c2,Gc2e3,Ge3d5] Das ist ein natürliches Springermanöver.Der Springer strebt
nach d5.} Be6 12. Nd5 (12. Nc2 d5 $11) 12... Bxd5 13. cxd5 Ne7 14. e4 {Weiß
besitzt das Läuferpaar und Übergewicht im Zentrum.} Nd7 15. a4 {[%csl Yb5]
[%cal Ge1c2,Gc2a3,Ga3c4,Ga3b5]} f5 (15... Rb8 16. f4 f5) 16. Nc2 Nf6 (16... f4
17. Bh3 {[%csl Gh3][%cal Gh3e6]}) 17. Na3 Kh7 18. Nc4 {[%csl Gc4]} Ra6 $6 {
Dieser Zug gefällt mir nicht.} (18... b6 {Und Schwarz kann 18...Rb8 ziehen.})
19. Qb3 {[%csl Ra6][%cal Gb3b7]} Qc7 20. Qb5 {[%csl Gb5]} Rfa8 21. f4 {Wegen
des Läuferpaares und der harmonischeren Figurenaufstellung möchte Weiß mit
diesem Zug die Stellung öffnen.} Nd7 22. Bc3 Nb6 $2 {Die Lage ist für Schwarz
positionell schwierig. Ioselini versucht, im Trüben zu fischen.} (22... b6 23.
Rbe1 $14) (22... exf4 23. gxf4 $14) 23. Bxa5 {[%cal Ga5c7]} Rxa5 24. Nxa5 Nbxd5
{[%csl Ra5][%cal Gd5e3]} 25. Nc4 $16 {Zwar gibt es einige schwache Punkte im
weißen Lager, aber sie stellen keine vollwertige Kompensation für die
geopferte Qualität dar.} Nb4 26. fxe5 (26. exf5 $16 {[%cal Gg2a8]}) 26... dxe5
(26... Bxe5 27. Nxe5 dxe5 28. exf5 gxf5 29. Rbc1 $16) 27. exf5 {[%cal Gg2a8]}
gxf5 28. Qxb7 Qxb7 29. Bxb7 {[%csl Gb7] Nach den Vereinfachungen ist Weiß klar
im Vorteil. Seine Leichtfiguren sind besonders stark.} Rxa4 30. Nd6 {[%csl Rf5,
Rh7]} Nxd3 31. Nxf5 (31. b3 Ra2 32. g4 $5 fxg4 $2 33. Be4+ $18 {[%cal Re4h7,
Re4d3]}) 31... Nxf5 32. Rxf5 e4 $2 (32... Rb4 $5 {Dieser Zug bietet der
schwierigen schwarzen Stellung gewisse Rettungschancen.}) 33. b4 $1 {[%cal
Rb7e4,Re4h7,Re4d3]} Bd4+ (33... Nxb4 34. Bxe4 $18 {[%csl Rh7] Der schwarze
König ist in großer Not.}) (33... Rxb4 34. Rxb4 Nxb4 35. Bxe4 Bd4+ 36. Kg2 $16)
34. Kf1 Nxb4 (34... e3 35. Be4 $18 {[%cal Re4h7,Re4d3]}) 35. Bxe4 {[%csl Ge4,
Rh7] Weiß hat gute Angriffchancen auf den weißen Feldern.} Kg7 36. Kg2 Ra2+ 37.
Kh3 {Der weiße König findet auf h3 Ruhe.} Re2 38. Rf4 (38. Bf3) 38... Be3 39.
Rg4+ Bg5 (39... Kf6 40. Rf1+ Ke5 41. Bf3 Rf2 42. Rxf2 Bxf2 43. Kg2 $18 {
[%csl Rh6]}) 40. Rf1 {[%csl Rb4,Ge4,Gf1,Gg4,Rg7] Auf e4 schränkt der weiße
Läufer die Beweglichkeit des schwarzen Springers ein. Früher oder später setzt
sich der weiße Materialvorteil durch.} Rb2 41. Rc1 {[%cal Gg4g7]} Na6 42. Rb1
Rd2 (42... Rxb1 43. Bxb1 $16) 43. Rb7+ {[%csl Rg7]} Kf8 (43... Kf6 44. Rb6+ {
[%cal Rb6f6,Rb6a6]}) 44. Bg6 {[%csl Rf8]} Rd6 45. Bh5 Nb4 46. Re4 $18 {[%cal
Re4e8] Dem schwarzen König wird ein Mattnetz geknüpft.} Rd8 47. Re5 {[%cal
Re5f5,Rf5f8]} Nd3 48. Rf5+ Kg8 49. Bf7+ {und Schwarz muß die Segel steichen.} (
49. Bf7+ Kh8 (49... Kg7 50. Bd5+ Kg6 51. Be4 $18 {[%csl Rg6]}) 50. Bc4 Nb4 51.
Rff7 $18 {[%csl Rh8][%cal Rb7h7]} (51. Rxc5 $18)) 1-0